000
00200nam a2200109Ia 4500
100
_a
#N/A
942
_c
BK
245
_a
Ubuntu 13.4 LFY June 2013
260
_b
#N/A
546
_a
ENGLISH
999
_c
33515
_d
33515